| 000 | 01119naa a22003257a 4500 | ||
|---|---|---|---|
| 001 | BR8704397 | ||
| 003 | BR-BrBNA | ||
| 005 | 20240918175824.0 | ||
| 007 | ta | ||
| 008 | 230509b bl.||||| |||| 00| 0 por d | ||
| 040 |
_aBR-BrBNA _bpor _cBiblioteca Nacional de Agricultura |
||
| 041 | _a(Pt) | ||
| 072 |
_aL01; E51 _b5300 _bG514 |
||
| 090 | _aL01 BR8704397 | ||
| 100 | 1 | _aCosta, V. | |
| 100 | 1 | _aKonzen, E.A. | |
| 100 | 1 | _aProtas, J.F. | |
| 111 | 1 |
_a20. Reuniao Anual da Sociedade Brasileira de Zootecnia _cPelotas, RS (Brazil) _d14-20 Jul 1983 |
|
| 245 | 1 | _aDensidade populacional na criacao de leitoes em baias ou gaiolas | |
| 260 | 3 |
_aPelotas, RS (Brasil): _c1983. |
|
| 500 | _aAnais da 20. Reuniao da Sociedade Brasileira de Zootecnia Pelotas, RS (Brasil): 1983. p. 55 (BR8704397-AM)L01 | ||
| 650 | _aLEITAO | ||
| 650 | _aCRIACAO | ||
| 650 | _aBAIA | ||
| 650 | _aGAIOLA | ||
| 650 | _aDENSIDADE DEMOGRAFICA | ||
| 773 | 0 |
_tAnais da 20. Reuniao da Sociedade Brasileira de Zootecnia _wL01 BR8704397 _gPelotas, RS (Brasil), 1983. p. 55 |
|
| 909 |
_a202404 _bLucia _c55 _dLucia Elande |
||
| 942 |
_cAM _2AGRIS |
||
| 999 |
_c318291 _d318291 |
||